Estudio de pre factibilidad para la creación de una microempresa de envasado y comercialización de miel de abeja en el departamento de Rivas
Se realiza un estudio de prefactibilidad para la creación de una micro empresa de envasado y comercialización de miel de abeja en el departamento de Rivas. Se define el tamaño de, la localización optima, equipos, instalaciones y organización de la planta procesadora de miel de abeja a través...
| Main Authors: | , , |
|---|---|
| Other Authors: | |
| Format: | Tesis Section = Libro |
| Language: | Undetermined Spanish |
| Published: |
Managua
UNI
2018
|
| Subjects: |
| LEADER | 01485nam a2200301Ia 4500 | ||
|---|---|---|---|
| 008 | 240830s9999 xx 000 0 und d | ||
| 040 | |a BIBLIOTECA-RUPAP Mon 658.404 L795 | ||
| 041 | |a spa | ||
| 082 | |a Mon 658.404 L795 | ||
| 100 | 1 | |a Loaisiga Rivera, Carlos Alberto | |
| 100 | 1 | |b Solís Zeledón, Raymond Antonio | |
| 100 | 1 | |c Áreas Montiel, Humberto Alexander | |
| 245 | 1 | 0 | |a Estudio de pre factibilidad para la creación de una microempresa de envasado y comercialización de miel de abeja en el departamento de Rivas |
| 260 | |a Managua |b UNI |c 2018 | ||
| 300 | |a 134 p. :il. | ||
| 500 | |a Contiene: anexos y CD. | ||
| 502 | |a Tesis (Ingeniero de Sistemas)- UNI, 2018. | ||
| 520 | 3 | |a Se realiza un estudio de prefactibilidad para la creación de una micro empresa de envasado y comercialización de miel de abeja en el departamento de Rivas. Se define el tamaño de, la localización optima, equipos, instalaciones y organización de la planta procesadora de miel de abeja a través de un estudio técnico. Promocionar la calidad y prestaciones de la miel de abeja a través de un diseño de una página web. | |
| 650 | 7 | |a ESTUDIOS DE FACTIBILIDAD | |
| 650 | 7 | |b NUEVAS EMPRESAS-PROYECTOS | |
| 650 | 7 | |c ADMINISTRACION DE PROYECTOS | |
| 650 | 7 | |d ESTUDIO DE MERCADO | |
| 650 | 7 | |e EVALUACION FINANCIERA | |
| 650 | 7 | |f MIEL DE ABEJA-INDUSTRIA Y COMERCIO | |
| 700 | 1 | |a Tutor: |b Aguilera López, Roberto José | |
| 942 | |c BK |2 ddc | ||
| 991 | |a TESIS | ||
| 999 | |c 17360 | ||